000 00434nam a2200181Ia 4500
001 8901
005 20260306160644.0
008 260306t1991||||xx |||||||||||||| ||spa||
041 _aESP
082 _a371.9
_bP75
100 _aPolaino-Lorente, Aquilino,
_eAUT
245 0 _aEducación especial personalizada
260 _c1991
300 _a432 páginas :
_c21 cm.
650 _aGEN
654 _aCED
942 _cLIB
_dJUS
_fJUS
_2ddc
_n
999 _c8901
_d8901